Point, click and vote: the future of internet voting /
Furkejuvvon:
| Váldodahkki: | |
|---|---|
| Eará dahkkit: | |
| Materiálatiipa: | Texto |
| Almmustuhtton: |
Washington, D.C.:
Brookings Intitution Press
|
| Fáttát: | |
| Fáddágilkorat: |
Lasit fáddágilkoriid
Eai fáddágilkorat, Lasit vuosttaš fáddágilkora!
|
MARC
| LEADER | 00000 a a2200000 04500 | ||
|---|---|---|---|
| 001 | 32663 | ||
| 003 | |||
| 040 | |||
| 020 | |a 0-8157-0369-4 | ||
| 090 | |a 203300 | ||
| 100 | |a Alvarez, R. Michael | ||
| 245 | |a Point, click and vote: the future of internet voting / |c R. Michael Alvarez | ||
| 260 | |a Washington, D.C.: |b Brookings Intitution Press | ||
| 300 | |a 204 p. | ||
| 650 | |a SISTEMAS ELECTORALES | ||
| 650 | |a ELECCIONES | ||
| 650 | |a VOTACION | ||
| 650 | |a ADAPTACION TECNOLOGICA | ||
| 650 | |a INTERNET | ||
| 650 | |a CIENCIA POLITICA | ||
| 700 | |a Hall, Thad E. | ||
| 999 | |c 2141 |d 2141 | ||



